000 00451nam a22001697a 4500
999 _c3140
_d3140
003 URS
005 20220114142409.0
008 200219s1963 |||| |||| 00| 0 eng d
020 _a0312044607
040 _cURS
_beng
_drda
050 1 4 _aPR 9619.3
_b.W5161 1963
100 1 _aWest, Morris L.
245 1 4 _aThe shoes of the fisherman
_cMorris L. West.
260 _aNew York:
_bSt. Martin's Press;
_c[1963]
300 _a371 pages
_c22 cm
942 _2lcc
_cFR